Statistiken für Bundesligaspieler mit den meisten Einsätzen seit 2000

Klicken Sie hier um das Quiz zu spielen!

Allgemein

  • Dieses Quiz wurde 185 mal gespielt
  • Das Durchschnittsergebnis liegt bei 37 aus 107

Antwortstatistiken

EinsätzeZeitraumVereineSpieler% Korrekt
478*seit 2006Schalke, BayernManuel Neuer
100%
449*seit 2008BayernThomas Müller
96%
424*seit 2007Bayern, DortmundMats Hummels
94%
371*seit 2009Gladbach, DortmundMarco Reus
90%
3852003-2017Bayern, VfBPhilipp Lahm
82%
3422002–2015BayernBastian Schweinsteiger
79%
3842010-2022Dortmund, BayernRobert Lewandowski
79%
4652000-2020Bremen, Bayern, KölnClaudio Pizarro
77%
269*seit 2009Dortmund, Bayern, FrankfurtMario Götze
74%
3142006-2021Hertha, Hamburg, BayernJerome Boateng
73%
435*seit 2010Freiburg, HoffenheimOliver Baumann
70%
332*seit 2012Freiburg, Dortmund, GladbachMatthias Ginter
67%
3052000-2011Lautern, Bremen, BayernMiroslav Klose
65%
4032002-2018Nürnberg, LeverkusenStefan Kießling
64%
3282004-2020VfB, Bayern, WolfsburgMario Gomez
61%
3762007-2023Karlsruhe, Hannover, GladbachLars Stindl
59%
3552000-2018Lautern, DortmundRoman Weidenfeller
55%
2732007–2019BayernFranck Ribery
52%
2952009-2023Cottbus, Bayern, Bremen, FreiburgNils Petersen
51%
303*seit 2012FreiburgChristian Günter
50%
300*seit 2014Leverkusen, DortmundJulian Brandt
50%
3072007-2022Bremen, Freiburg, Pauli, Gladbach, Wolfsburg, UnionMax Kruse
50%
324*seit 2011WolfsburgMaxi Arnold
49%
256*seit 2013Hoffenheim, Bayern, DortmundNiklas Süle
49%
2512000-2008BayernOliver Kahn
46%
4212005-2020Leverkusen, Dortmund, VfB, BielefeldGonzalo Castro
44%
274*seit 2011Lautern, FrankfurtKevin Trapp
44%
3032000-2011Bremen, Dortmund, BayernTorsten Frings
44%
378*seit 2008Wolfsburg, Nürnberg, FrankfurtMakoto Hasebe
43%
343*seit 2010GladbachPatrick Herrmann
43%
287*seit 2011Wolfsburg, UnionRobin Knoche
43%
2762002-2018Pauli, Hamburg, FrankfurtAlexander Meier
42%
3582005-2019Bremen, Wolfsburg, SchalkeNaldo
42%
255*2013-2024Stuttgart, LeipzigTimo Werner
42%
2582008–2022DortmundMarcel Schmelzer
40%
3582008-2023VfB, Hoffenheim, Bayern, SchalkeSebastian Rudy
40%
4302004-2021VfB, Wolfsburg, UnionChristian Gentner
39%
265*seit 2013Hoffenheim, Bremen, WolfsburgKoen Casteels
39%
2562009–2021LeverkusenLars Bender
38%
2652009-2021Dortmund, LeverkusenSven Bender
38%
2982010-2021Bayern, HoffenheimDavid Alaba
37%
3142000-2015Freiburg, DortmundSebastian Kehl
37%
3442006-2020Aachen, Hoffenheim, Stuttgart, Berlin, SchalkeVedad Ibisevic
36%
2692002-2013Lautern, Bremen, HoffenheimTim Wiese
35%
2902000-2013Schalke, Pauli, FürthGerald Asamoah
34%
251*seit 2013Hamburg, LeverkusenJonathan Tah
34%
2882005–2015LeverkusenSimon Rolfes
34%
2862000-2012Hamburg, Leverkusen, BayernHans Jörg Butt
33%
2502013-2023Augsburg, Gladbach, HamburgAndre Hahn
32%
264*seit 2010MainzStefan Bell
32%
2912014–2023Gladbach, BayernYann Sommer
32%
3042004-2021Bremen, Wolfsburg, HamburgAaron Hunt
30%
259*seit 2013Gladbach, LeverkusenChristoph Kramer
30%
252*seit 2012Hoffenheim, Leverkusen, UnionKevin Volland
30%
2692003-2019Leverkusen, Hamburg, MainzRené Adler
30%
2572003-20171860, WolfsburgMarcel Schäfer
29%
2732001-2017Nürnberg, VfBRaphael Schäfer
29%
3722009-2023Freiburg, Wolfsburg, Schalke, AugsburgDaniel Caligiuri
28%
3472000-2011Bremen, Schalke, HamburgFrank Rost
28%
2542010-2021Hannover, Stuttgart, KölnRon-Robert Zieler
28%
269seit 2015Frankfurt, LeverkusenLukas Hradecky
27%
2752001-2016VfB, Schalke, HoffenheimKevin Kuranyi
26%
3322007-2021Hertha, DortmundLukasz Piszczek
26%
2992011-2023Freiburg, Hoffenheim, AugsburgJonathan Schmid
25%
3072001-2014Nürnberg, VfBCacau
24%
311*seit 2009Bochum, Augsburg, Köln, Hoffenheim, BremenKevin Vogt
23%
2952000-2015Stuttgart, Hoffenheim, Schalke, FrankfurtTimo Hildebrand
23%
2902006-2019VfB, HoffenheimAndreas Beck
22%
3582002-2016Bremen, HannoverChristian Schulz
22%
2692000-2011DortmundDedê
22%
2592008–2017WolfsburgDiego Benaglio
22%
3512003-2017Lautern, Schalke, Frankfurt, AugsburgHalil Altıntop
22%
2592005-2020Dortmund, BremenNuri Sahin
22%
3322005-2019Schalke, BayernRafinha
22%
3312003-2017Leverkusen, BremenClemens Fritz
21%
3182005-2015Bielefeld, Schalke, HamburgHeiko Westermann
21%
272*seit 2007Hamburg, Nürnberg, Mainz, Schalke, BayernEric Maxim Choupo-Moting
20%
2512000-2010Leverkusen, GladbachOliver Neuville
19%
255*seit 2012Leverkusen, Augsburg, Frankfurt, MainzDominik Kohr
18%
2632008-2022Freiburg, Leverkusen, Dortmund, BremenÖmer Toprak
18%
2902008-2020Hertha, Schalke, GladbachRaffael
18%
253*seit 2011Nürnberg, FrankfurtTimothy Chandler
18%
2772000-2011Leverkusen, Bayern, HamburgZé Roberto
18%
2742000-2010VfB, SchalkeMarcelo Bordon
17%
2842002-2014Schalke, Wolfsburg, Hannover, Gladbach, FreiburgMike Hanke
17%
2582002-2014Bremen, Mainz, Leverkusen, DortmundManuel Friedrich
16%
2762010-2022Mainz, Schalke, Hoffenheim, HannoverÁdám Szalai
15%
3022003-20201860, Wolfsburg, AugsburgDaniel Baier
15%
3022000-2014HannoverSteven Cherundolo
14%
2582000-2009Bremen, SchalkeFabian Ernst
13%
3172000-2012Bayern, Nürnberg, HamburgDavid Jarolim
10%
3432001-2014Köln, Leverkusen, Mainz, Hannover, NürnbergHanno Balitsch
10%
2782010-2023Nürnberg, HerthaMarvin Plattenhardt
10%
2602004-2015Hannover, Leverkusen, Schalke, FrankfurtTranquillo Barnetta
10%
2552000-2015Hertha, Bielefeld, GladbachThorben Marx
9%
2852002-2015Hertha, Wolfsburg, FrankfurtAlexander Madlung
8%
3042010-2023Pauli, Leverkusen, Frankfurt, Schalke, UnionBastian Oczipka
8%
2552011-2023Mainz, Leverkusen, AugsburgJulian Baumgartlinger
8%
3042004-2020Frankfurt, WolfsburgMarco Russ
8%
2572004-2019Freiburg, Hamburg, Schalke, StuttgartDennis Aogo
7%
2552004–2015MainzNikolce Noveski
7%
2922000-2014Freiburg, Schalke, HerthaLevan Kobiashvili
6%
2682000-20131860, Wolfsburg, AugsburgSimon Jentzsch
6%
2622006-2019Leverkusen, Frankfurt, Hoffenheim, HannoverPirmin Schwegler
5%
2712012–2021BremenTheodor Gebre Selassie
5%
2542004-2018Gladbach, Mainz, HoffenheimEugen Polanski
3%
2632000-2011Hertha, HoffenheimJosip Simunic
2%

Verteilung der Resultate

Perzentil nach korrekt beantworteten Fragen

Anzahl Personen mit jedem Resultat

Ihre Resultats-Entwicklung

Sie haben dieses Quiz noch nicht gespielt